000
00234nam a22001217a 4500
040
_c
SY
082
_a
658
100
_a
KHIEV SOCHEAT
245
_a
Financial management
260
_a
Western
_b
KHI
_c
2006
300
_a
38p.
942
_c
KB
999
_c
8892
_d
8892